| 000 | 01295nam a22002297a 4500 | ||
|---|---|---|---|
| 001 | 9760 | ||
| 003 | FISKH | ||
| 005 | 20260206141431.0 | ||
| 008 | 260206b cb ||||| |||| 00| 0 eng d | ||
| 020 | _a9781107628663 | ||
| 040 |
_aFISKH _beng _cFISKH _dFISKH |
||
| 082 | _a428.2 | ||
| 100 |
_aBurt, Sally _eAuthor |
||
| 245 |
_aCambridge primary English learner’s book 6 / _cSally Burt and Debbie Ridgard |
||
| 260 |
_aNew York : _bCambridge , _c2015. |
||
| 300 |
_a176 pages : _bcolor illustrations ; _c28 cm |
||
| 520 | _aCambridge Primary English is a flexible, endorsed course written specifically to support Cambridge International Examinations' curriculum framework (Stages 1-6). This colourful Learner's Book includes the following features. Nine thematic units on exciting topics to engage young learners. Activities encourage learners to actively explore, use and apply their core listening, speaking, reading and writing skills through individual, pair and group work. Lively international fiction, non-fiction and poetry texts which form the basis for teaching reading and writing skills. Language focus boxes throughout which help to teach and reinforce grammar points. | ||
| 650 | _aEnglish book | ||
| 700 |
_aRidgard, Debbie _eAuthor |
||
| 942 |
_2ddc _cBK _n0 |
||
| 999 |
_c9760 _d9760 |
||